| 000 | 01184cab a2200277 4500 | ||
|---|---|---|---|
| 001 | ABS59713 | ||
| 008 | 090401t1998 xxu||||| |||| 00| 0 eng d | ||
| 035 | _a(Sirsi) u89554 | ||
| 041 | _aeng | ||
| 100 | _aWilliams, K. | ||
| 245 | _aCan planners implement urban intensification policies? | ||
| 260 | _c1998 | ||
| 350 | _a0 | ||
| 490 |
_aTown & Country Planning _v67(10) November 1998, 340-342(3) |
||
| 520 | _aDiscusses the findings of research into the implementation of urban land intensification policies, looking at whether local plans contain intensification policies and whether they are being implemented by local planning authorities. Considers ways forward such as improved legal support for intensification policies, the development of tools to manage the incremental effects of intensification, and the introduction of new working coalitions. | ||
| 650 | _aAPPEALS SYSTEM | ||
| 650 | _aEFFECTS | ||
| 650 | _aIMPLEMENTATION | ||
| 650 | _aLOCAL PLANNING AUTHORITIES | ||
| 650 | _aLOCAL DEVELOPMENT PLANS | ||
| 650 |
_aSustainability _96271 |
||
| 650 | _aURBAN INTENSIFICATION | ||
| 690 | _aPLANNING LAW AND PRACTICE | ||
| 942 | _n0 | ||
| 948 | _c09/11/1998 | ||
| 999 |
_c56672 _d56672 |
||